000 00604nam a2200193 i 4500
001 146870
003 ES-MaACL
005 20260511145842.0
007 t|
008 070919s1971 sp ||||1| spa d
100 _aTroyat, Henri,
_d1911-2007
_9233580
245 1 3 _aEl elefante blanco
_b: los herederos del porvenir /
_cpor Henri Troyat ; [traducción de Domingo Pruna].
250 _a[1ª ed.].
260 _a[Barcelona] :
_bPlaza & Janés,
_c[1971]
300 _a276 p., 5 h. ;
_c20 cm.
700 1 _aPruna, Domingo.
_994081
852 _aES-MaACL
_jC-39230
_bR.79075
999 _c146870
_d146870